A-Z of complementary and alternative medicine : (Record no. 13357)
[ view plain ]
| 000 -LEADER | |
|---|---|
| fixed length control field | 01310cam a22003494a 4500 |
| 001 - CONTROL NUMBER | |
| control field | 15643970 |
| 003 - CONTROL NUMBER IDENTIFIER | |
| control field | OSt |
| 005 - DATE AND TIME OF LATEST TRANSACTION | |
| control field | 20140310182431.0 |
| 008 - FIXED-LENGTH DATA ELEMENTS--GENERAL INFORMATION | |
| fixed length control field | 090227s2009 stk bfe 000 0 eng |
| 010 ## - LIBRARY OF CONGRESS CONTROL NUMBER | |
| LC control number | 2009008979 |
| 016 7# - NATIONAL BIBLIOGRAPHIC AGENCY CONTROL NUMBER | |
| Record control number | 101497621 |
| Source | DNLM |
| 020 ## - INTERNATIONAL STANDARD BOOK NUMBER | |
| International Standard Book Number | 9780443103292 (alk. paper) |
| 020 ## - INTERNATIONAL STANDARD BOOK NUMBER | |
| International Standard Book Number | 9780443103292 |
| 035 ## - SYSTEM CONTROL NUMBER | |
| System control number | (OCoLC)ocn312625411 |
| 040 ## - CATALOGING SOURCE | |
| Original cataloging agency | DNLM/DLC |
| Transcribing agency | DLC |
| Modifying agency | NLM |
| -- | BWKUK |
| -- | YDXCP |
| -- | CUD |
| -- | CDX |
| -- | UBY |
| -- | DLC |
| 042 ## - AUTHENTICATION CODE | |
| Authentication code | pcc |
| 050 00 - LIBRARY OF CONGRESS CALL NUMBER | |
| Classification number | R 733 |
| Item number | .M292 2009 |
| 100 1# - MAIN ENTRY--PERSONAL NAME | |
| Personal name | Mantle, Fiona. |
| 9 (RLIN) | 8319 |
| 245 10 - TITLE STATEMENT | |
| Title | A-Z of complementary and alternative medicine : |
| Remainder of title | a guide for health professionals / |
| Statement of responsibility, etc | Fiona Mantle, Denise Tiran. |
| 246 3# - VARYING FORM OF TITLE | |
| Title proper/short title | A to Z of complementary and alternative medicine |
| 260 ## - PUBLICATION, DISTRIBUTION, ETC. (IMPRINT) | |
| Place of publication, distribution, etc | Edinburgh ; |
| -- | New York : |
| Name of publisher, distributor, etc | Churchill Livingstone, |
| Date of publication, distribution, etc | 2009. |
| 300 ## - PHYSICAL DESCRIPTION | |
| Extent | xv, 254 p. ; |
| Dimensions | 22 cm. |
| 541 ## - IMMEDIATE SOURCE OF ACQUISITION NOTE | |
| -- | 1 |
| 562 ## - COPY AND VERSION IDENTIFICATION NOTE | |
| Number of copies | 1 |
| 583 ## - ACTION NOTE | |
| Action | cat |
| Action interval | 20090415 |
| Action agent | asg/mpl |
| Institution to which field applies | BUPB |
| 650 #0 - SUBJECT ADDED ENTRY--TOPICAL TERM | |
| Topical term or geographic name as entry element | Alternative medicine |
| Form subdivision | Encyclopedias. |
| 9 (RLIN) | 8320 |
| 650 12 - SUBJECT ADDED ENTRY--TOPICAL TERM | |
| Topical term or geographic name as entry element | Complementary Therapies |
| Form subdivision | Handbooks. |
| 9 (RLIN) | 8321 |
| 700 1# - ADDED ENTRY--PERSONAL NAME | |
| Personal name | Tiran, Denise. |
| 9 (RLIN) | 8322 |
| 906 ## - LOCAL DATA ELEMENT F, LDF (RLIN) | |
| a | 7 |
| b | cbc |
| c | orignew |
| d | 1 |
| e | ecip |
| f | 20 |
| g | y-gencatlg |
| 942 ## - ADDED ENTRY ELEMENTS (KOHA) | |
| Source of classification or shelving scheme | Library of Congress Classification |
| Koha item type | |
| Withdrawn status | Lost status | Source of classification or shelving scheme | Damaged status | Home library | Current library | Shelving location | Date acquired | Total Checkouts | Full call number | Barcode | Date last seen | Copy number | Price effective from | Koha item type |
|---|---|---|---|---|---|---|---|---|---|---|---|---|---|---|
| Library of Congress Classification | South SEED-LPDH College Library | South SEED-LPDH College Library | South SEED-LPDH College Section | 06/27/2012 | R 733 .M292 2009 | SSLC0452 | 04/20/2017 | 1 | 11/06/2013 | Books |